Consideración en torno al fomento de las industrias que producen bienes que se utilizan en la educación (Record no. 64830)
[ view plain ]
| 000 -CABECERA | |
|---|---|
| campo de control de longitud fija | 00701nam a2200217 a 4500 |
| 005 - FECHA Y HORA DE LA ÚLTIMA TRANSACCIÓN | |
| campo de control | 20251210064045.0 |
| 008 - ELEMENTOS DE LONGITUD FIJA--INFORMACIÓN GENERAL | |
| campo de control de longitud fija | 991125n 000 0 u |
| 035 ## - NÚMERO DE CONTROL DEL SISTEMA | |
| Número de control de sistema | UPN01000069139 |
| 100 ## - ASIENTO PRINCIPAL--NOMBRE PERSONAL | |
| Nombre de persona | OCHOA NUÑEZ, Hernando |
| 222 ## - TÍTULO CLAVE | |
| Título clave | REVISTA DEL CONVENIO ANDRES BELLO |
| 245 ## - MENCIÓN DE TÍTULO | |
| Título | Consideración en torno al fomento de las industrias que producen bienes que se utilizan en la educación |
| 300 ## - DESCRIPCIÓN FÍSICA | |
| Extensión | 27-32 |
| 362 ## - FECHAS DE PUBLICACIÓN Y/O DESIGNACIÓN SECUENCIAL | |
| Fecha de publicación y/o designación secuencial | 1986 Año 10, no. 29, sep.-dic. |
| 650 #2 - ASIENTO SECUNDARIO DE MATERIA - TERMINO TEMATICO | |
| Término de materia o nombre geográfico como elemento de entrada | Recursos educativos |
| 9 (RLIN) | 9810 |
| 650 ## - ASIENTO SECUNDARIO DE MATERIA - TERMINO TEMATICO | |
| Término de materia o nombre geográfico como elemento de entrada | EQUIPO EDUCATIVO |
| 9 (RLIN) | 21272 |
| 650 ## - ASIENTO SECUNDARIO DE MATERIA - TERMINO TEMATICO | |
| Término de materia o nombre geográfico como elemento de entrada | INSTALACIONES EDUCATIVAS |
| 650 ## - ASIENTO SECUNDARIO DE MATERIA - TERMINO TEMATICO | |
| Término de materia o nombre geográfico como elemento de entrada | MATERIAL EDUCATIVO |
| 650 #4 - ASIENTO SECUNDARIO DE MATERIA - TERMINO TEMATICO | |
| Término de materia o nombre geográfico como elemento de entrada | Educación primaria |
| 9 (RLIN) | 1552 |
| 904 ## - ELEMENTOS DE DATOS D LOCAL, LDD (RLIN) | |
| a | AC |
| b | 006950 |
| 905 ## - TIPO DE MATERIAL | |
| Tipo de material | Articulo |
No items available.
